000 00413nam a2200169Ia 4500
001 10485
003 IN-NITTTR
005 20251114233057.0
008 251113s9999||||xx |||||||||||||| ||eng||
040 _beng
040 _cIN-NITTTR
041 _aeng
082 _a375 D69C
100 _aDoll, Ronald C.
245 0 _aCurriculum improvement :
_b decision making and process /
_cDoll,Ronald C.
942 _2ddc
_cBK
999 _c13122
_d13122